Statistics for Internazionale vs Bayern Munchen 2010

Click here to take the quiz!

General Stats

  • This quiz has been taken 226 times
  • The average score is 17 of 29

Answer Stats

HintAnswer% Correct
FWMilito
89%
FWEto'o
81%
DEFLahm
81%
FWRobben
81%
MDZanetti
77%
DEFMaicon
71%
GKJulio Cesar
70%
CMourinho
70%
DEFLucio
69%
MDSneijder
69%
MDMuller
68%
MDSchweinsteiger
68%
MDCambiasso
65%
DEFSamuel
62%
SBGomez
61%
DEFVan Buyten
54%
GKButt
51%
FWPandev
50%
SBStankovic
49%
DEFChivu
48%
SBMaterazzi
44%
FWOlic
42%
CVan Gaal
41%
SBKlose
40%
DEFBadstuber
39%
DEFDemichelis
36%
MDVan Bommel
36%
FWAltintop
22%
SBMuntari
20%

Score Distribution

Percentile by Number Answered

Percent of People with Each Score

Your Score History

You have not taken this quiz